Film dont le titre commence par un X, un Y ou un Z (2) Version facile - Statistiques

Statistiques générales
  • Ce quiz a été pris 5 fois
  • Le résultat moyen est 4 sur 30
Statistiques - réponses
Année Réalisateur Genre 1 acteur ou
1 actrice
Titre Indice facile % Correct
2000 Bryan Singer Science fiction James McAvoy X-Men *
100%
1960 Louis Malle Comédie Catherine Demongeot Zazie dans le métro métro
60%
1964 Michael Cacoyannis Drame Anthony Quinn Zorba le grec grec
60%
1983 Billie August Comédie dramatique Adam Tonsberg Zappa *
40%
1933 Jean Vigo Comédie dramatique Jean Dasté Zéro de conduite conduite
40%
2003 David Fincher Thriller Jake Gyllenhaal Zodiac *
40%
1985 Richard Balducci Comédie Hubert Deschamps Y'a pas le feu feu
20%
1978 George Romero Horreur Ken Foree Zombie *
20%
1961 Richard Donner Aventures Charles Bronson X15 *
0%
1964 Ralph Thomas Espionnage Dirk Bogarde X3 agent secret agent
0%
2014 Panos Koutras Comédie dramatique Aggelos Papadimitriou Xenia *
0%
1983 Harry Davenport Science fiction Bernice Stegers Xtro *
0%
1997 Ariel Zeitoun Comédie Gérard Depardieu XXL *
0%
2007 Jean-Pierre Reguerraz Drame Inès Efron XXY *
0%
1996 Jean-Paul Lilienfeld Comédie Clémentine Célarié XY *
0%
1967 Tinto Brass Western Devon Slack Yankee *
0%
1986 Jerry Zucker Comédie Bette Midler Y-a-t-il quelqu'un pour tuer ma femme femme
0%
1970 Jerry Lewis Comédie Jerry Lewis Ya ya mon général général
0%
2019 Danny Boyle Musical Himesh Patel Yesterday *
0%
1938 Fritz Lang Comédie dramatique George Raft You and me me
0%
2017 Lucrecia Martel Drame Juan Minujin Zama *
0%
1974 John Boorman Fantastique Christopher Casson Zardoz *
0%
2014 Talya Lavie Drame Dana Yvgy Zéro motivation *
0%
1946 Robert Lewis Musical Fred Astaire Ziegfeld follies *
0%
1974 Laszlo Szabo Drame Bernadette Laffont Zig zig *
0%
2005 Christophe Malavoy Drame Jean-Paul Roussillon Zone libre *
0%
1998 Laurent Bouhnik Comédie dramatique Hassan Koubba Zonzon *
0%
1951 Fred Brannon Aventures Ken Curtis Zorro le diable noir Zorro
0%
1962 Joaquin Luis Romero Aventures Frank Latimore Zorro le vengeur Zorro
0%
1934 Marc Allégret Musical Joséphine Baker Zouzou *
0%
Aucun quiz correspondant
Distribution des résultats
% des personnes avec chaque résultat
Percentile par nombre de réponses
Votre historique - résultats
Vous n’avez pas pris ce quiz